[Event "Titled Tuesday intern op 13th Feb Early"]
[Site "Chess.com INT"]
[Date "2024.02.13"]
[Round "6"]
[White "Melikhov, Evgeny V"]
[Black "Silva, Mariana Sofia Teixe"]
[Result "0-1"]
[WhiteElo "2172"]
[BlackElo "1951"]
[PlyCount "54"]
[EventDate "2024.02.13"]
[EventType "swiss (blitz)"]
[EventRounds "11"]
[EventCountry "USA"]
[SourceTitle "CB08_2024"]
[SourceDate "2024.02.21"]
[SourceVersion "1"]
[SourceVersionDate "2024.02.21"]
[SourceQuality "1"]

1. d4 d5 2. c4 e6 3. Nc3 c5 4. cxd5 exd5 5. Nf3 Nc6 6. g3 Nf6 7. Bg2 cxd4 8. Nxd4 Bc5 9. Nxc6 bxc6 10. 0-0 0-0 11. Bg5 h6 12. Bf4 Re8 13. Rc1 Bb6 14. Na4 Bd7 15. Nxb6 Qxb6 16. b3 Bg4 17. Re1 Ne4 18. Be3 Qa5 19. Bxe4 Rxe4 20. Rxc6 d4 21. Bxd4 Rxd4 22. Qc1 Rad8 23. f3 Be6 24. Rc2 Rd2 25. Rxd2 Rxd2 26. a4 Bh3 27. Kf2 Qb6+ 0-1

[Event "Titled Tuesday intern op 06th Feb Early"]
[Site "Chess.com INT"]
[Date "2024.02.06"]
[Round "11"]
[White "Lacasa Diaz, Jose Antonio"]
[Black "Silva, Mariana Sofia Teixe"]
[Result "1-0"]
[WhiteElo "2341"]
[BlackElo "1951"]
[PlyCount "79"]
[EventDate "2024.02.06"]
[EventType "swiss (blitz)"]
[EventRounds "11"]
[EventCountry "USA"]
[SourceTitle "CB07_2024"]
[SourceDate "2024.02.14"]
[SourceVersion "1"]
[SourceVersionDate "2024.02.14"]
[SourceQuality "1"]

1. b3 d5 2. Bb2 c5 3. e3 Nf6 4. Nf3 e6 5. Ne5 a6 6. d3 Bd6 7. f4 0-0 8. Nd2 Nc6 9. Nxc6 bxc6 10. g3 Rb8 11. Bg2 Re8 12. Nf3 c4 13. dxc4 Ne4 14. cxd5 Bb4+ 15. Kf1 cxd5 16. Ne5 Qb6 17. Bxe4 dxe4 18. Nc4 Qc6 19. Kg2 a5 20. a3 Bc5 21. Nxa5 Qc7 22. b4 Bxe3 23. Be5 Qb6 24. Bxb8 Qxb8 25. Qe2 Bd4 26. Rad1 e5 27. Nc6 Qb6 28. Nxe5 Ba6 29. c4 Bxe5 30. fxe5 Rxe5 31. c5 Bxe2 32. cxb6 Bxd1 33. Rxd1 Re8 34. b7 e3 35. Re1 g6 36. Rxe3 Rb8 37. Re7 Kf8 38. Rc7 Ke8 39. a4 Kd8 40. Rxf7 1-0

[Event "EU-ch (Women) 23rd"]
[Site "Petrovac"]
[Date "2023.03.26"]
[Round "8"]
[White "Pavlidou, Ekaterini"]
[Black "Silva, Mariana Sofia Teixe"]
[Result "0-1"]
[WhiteElo "2178"]
[BlackElo "1920"]
[PlyCount "72"]
[EventDate "2023.03.18"]
[EventType "swiss"]
[EventRounds "11"]
[EventCountry "MNE"]
[SourceTitle "CBM 213 Extra"]
[Source "ChessBase"]
[SourceDate "2023.05.31"]
[SourceVersion "1"]
[SourceVersionDate "2023.05.31"]
[SourceQuality "1"]

1. d4 d5 2. c4 e6 3. Nc3 Nf6 4. cxd5 exd5 5. Bg5 c6 6. e3 h6 7. Bh4 Be7 8. Bd3 0-0 9. Qc2 Re8 10. Nf3 Ne4 11. Bxe7 Qxe7 12. Bxe4 dxe4 13. Nd2 f5 14. 0-0 Be6 15. f3 exf3 16. Rxf3 Nd7 17. Re1 Qh4 18. Qc1 Rad8 19. Nf1 Nf6 20. Ng3 c5 21. Rf4 Ng4 22. Nf1 cxd4 23. exd4 Rxd4 24. g3 Qd8 25. Rf3 Qb6 26. Ne3 Ne5 27. Rf2 Nd3 28. Qd2 Nxe1 29. Qxe1 Bf7 30. Qc1 Rd3 31. Nxf5 Rf3 32. Qc2 Bg6 33. g4 Qxf2+ 34. Qxf2 Rxf2 35. Kxf2 Bxf5 36. gxf5 Re5 0-1

[Event "EU-ch (Women) 23rd"]
[Site "Petrovac"]
[Date "2023.03.18"]
[Round "1"]
[White "Kulon, Klaudia"]
[Black "Silva, Mariana Sofia Teixe"]
[Result "1-0"]
[WhiteElo "2290"]
[BlackElo "1920"]
[PlyCount "129"]
[EventDate "2023.03.18"]
[EventType "swiss"]
[EventRounds "11"]
[EventCountry "MNE"]
[SourceTitle "CBM 213 Extra"]
[Source "ChessBase"]
[SourceDate "2023.05.31"]
[SourceVersion "1"]
[SourceVersionDate "2023.05.31"]
[SourceQuality "1"]

1. e4 c6 2. Nf3 d5 3. Nc3 Bg4 4. h3 Bxf3 5. Qxf3 e6 6. d3 Bc5 7. Bd2 Nd7 8. 0-0-0 d4 9. Ne2 Ngf6 10. g4 Qb6 11. g5 Ng8 12. h4 Ne7 13. Bh3 Bd6 14. h5 c5 15. Bf4 Qc7 16. Kb1 Rf8 17. Qg3 Bxf4 18. Nxf4 e5 19. Ne2 0-0-0 20. c3 Kb8 21. cxd4 cxd4 22. Rc1 Qd6 23. Bf5 Nxf5 24. exf5 Nb6 25. Qf3 Nd5 26. Ng3 Rc8 27. Ne4 Qb6 28. Rc4 Nc3+ 29. Nxc3 dxc3 30. b3 Rfd8 31. Rc1 Rxc4 32. dxc4 Rd2 33. Qxc3 Qd4 34. Qxd4 exd4 35. Re1 Rxf2 36. Re8+ Kc7 37. Re7+ Kc6 38. Rxf7 d3 39. Kc1 Kc5 40. Rd7 Rxf5 41. Kd2 Rxg5 42. Rxb7 Kd4 43. Rd7+ Ke4 44. Kc3 a5 45. Rd4+ Kf3 46. Kxd3 Rxh5 47. Rd5 Rh1 48. c5 h5 49. c6 Rc1 50. Rxh5 Rxc6 51. Rxa5 Kf4 52. Ra7 g5 53. b4 g4 54. Rf7+ Kg3 55. b5 Rc1 56. b6 Rb1 57. b7 Kh2 58. a4 g3 59. Rh7+ Kg1 60. a5 g2 61. a6 Kf2 62. Rf7+ Kg3 63. Rg7+ Kf2 64. Rxg2+ Kxg2 65. a7 1-0

[Event "Lisbon Portugal rapid op"]
[Site "Lisbon"]
[Date "2022.09.03"]
[Round "4"]
[White "Dias, Paulo Jorge Guimara"]
[Black "Silva, Mariana Sofia Teixe"]
[Result "1-0"]
[WhiteElo "2341"]
[BlackElo "1894"]
[PlyCount "61"]
[EventDate "2022.09.03"]
[EventType "swiss (rapid)"]
[EventRounds "11"]
[EventCountry "POR"]
[SourceTitle "CBM 210 Extra"]
[Source "ChessBase"]
[SourceDate "2022.11.30"]
[SourceVersion "1"]
[SourceVersionDate "2022.11.30"]
[SourceQuality "1"]

1. d4 d5 2. c4 e6 3. Nc3 Nf6 4. cxd5 exd5 5. Bg5 c6 6. e3 h6 7. Bh4 Be7 8. Bd3 0-0 9. Nf3 Ne4 10. Bg3 Bf5 11. Bxe4 Bxe4 12. Nxe4 dxe4 13. Nd2 Bb4 14. 0-0 Qe7 15. Nc4 Rd8 16. Qb3 b5 17. Ne5 Bd6 18. Rac1 Bxe5 19. Bxe5 Nd7 20. Bc7 Rdc8 21. Rxc6 Qg5 22. Rfc1 Re8 23. h3 a6 24. Bf4 Qh5 25. Rc7 Rad8 26. Bg3 g5 27. R1c6 Kg7 28. Qd5 Nf6 29. Qf5 Nd5 30. Be5+ Kg8 31. g4 1-0

[Event "Olympiad Women-44"]
[Site "Chennai"]
[Date "2022.08.03"]
[Round "6.3"]
[White "Silva, Mariana Sofia Teixe"]
[Black "Gueci, Tea"]
[Result "0-1"]
[WhiteElo "1912"]
[BlackElo "2254"]
[PlyCount "62"]
[EventDate "2022.07.29"]
[EventType "team-swiss"]
[EventRounds "11"]
[EventCountry "IND"]
[SourceTitle "CBM 210"]
[Source "ChessBase"]
[SourceDate "2022.10.31"]
[SourceVersion "1"]
[SourceVersionDate "2022.10.31"]
[SourceQuality "1"]
[WhiteTeam "Portugal (W)"]
[BlackTeam "Italy (W)"]
[WhiteTeamCountry "POR"]
[BlackTeamCountry "ITA"]

1. d4 Nf6 2. c4 e6 3. g3 c5 4. d5 exd5 5. cxd5 d6 6. Bg2 g6 7. Nc3 Bg7 8. Nf3 0-0 9. 0-0 Nbd7 10. Bf4 Qe7 11. Re1 a6 12. a4 Ng4 13. e4 Nge5 14. Qe2 Rb8 15. Nd2 Re8 16. h3 b6 17. Be3 g5 18. Nf1 c4 19. Red1 Nd3 20. Qd2 h6 21. h4 gxh4 22. Bxh6 h3 23. Bh1 N7e5 24. Bg5 f6 25. Bh6 Bxh6 26. Qxh6 Nxf2 27. Rd2 Nfg4 28. Qxh3 b5 29. Qh5 Kg7 30. Qh3 Qa7+ 31. Kg2 Ne3+ 0-1

[Event "Olympiad Women-44"]
[Site "Chennai"]
[Date "2022.08.02"]
[Round "5.3"]
[White "Natareno Beltran, Elvia del Rosario"]
[Black "Silva, Mariana Sofia Teixe"]
[Result "0-1"]
[WhiteElo "1581"]
[BlackElo "1912"]
[PlyCount "116"]
[EventDate "2022.07.29"]
[EventType "team-swiss"]
[EventRounds "11"]
[EventCountry "IND"]
[SourceTitle "CBM 210"]
[Source "ChessBase"]
[SourceDate "2022.10.31"]
[SourceVersion "1"]
[SourceVersionDate "2022.10.31"]
[SourceQuality "1"]
[WhiteTeam "Guatemala (W)"]
[BlackTeam "Portugal (W)"]
[WhiteTeamCountry "GUA"]
[BlackTeamCountry "POR"]

1. Nf3 d5 2. g3 c5 3. Bg2 Nc6 4. b3 e5 5. d3 Be7 6. Bb2 f6 7. 0-0 Be6 8. Nbd2 Qd7 9. c4 d4 10. Ne4 Nh6 11. Ba3 b6 12. Ne1 Rc8 13. Nc2 a5 14. Bc1 Nf7 15. f4 0-0 16. a3 Nd6 17. Bd2 Nf5 18. Rb1 exf4 19. Bxf4 Ne5 20. Qd2 Ng6 21. Rb2 Nxf4 22. Qxf4 Bd8 23. b4 Bc7 24. Qf2 Ne3 25. Rfb1 Nxg2 26. Qxg2 Bh3 27. Qf3 Bg4 28. Qg2 f5 29. Ng5 h6 30. Nf3 f4 31. bxc5 fxg3 32. hxg3 Bh3 33. c6 Qg4 34. Ne5 Bxe5 35. Qd5+ Qe6 36. Rxb6 Bxg3 37. Qxe6+ Bxe6 38. Kg2 Bc7 39. R6b5 Rf4 40. Ne1 Rg4+ 41. Kf2 Bg3+ 42. Kf1 Bxe1 43. Kxe1 Rg1+ 44. Kd2 Rxb1 45. Rxb1 Rxc6 46. Rb5 a4 47. Ra5 g5 48. e3 dxe3+ 49. Kxe3 Bd7 50. Ke4 Kf7 51. c5 Rf6 52. Ra7 Ke7 53. d4 g4 54. d5 Kd8 55. Ke5 Rg6 56. d6 g3 57. Ra8+ Bc8 58. c6 g2 0-1

[Event "Olympiad Women-44"]
[Site "Chennai"]
[Date "2022.07.30"]
[Round "2.3"]
[White "Silva, Mariana Sofia Teixe"]
[Black "Cosma, Elena Luminita"]
[Result "0-1"]
[WhiteElo "1912"]
[BlackElo "2248"]
[PlyCount "112"]
[EventDate "2022.07.29"]
[EventType "team-swiss"]
[EventRounds "11"]
[EventCountry "IND"]
[SourceTitle "CBM 210"]
[Source "ChessBase"]
[SourceDate "2022.10.31"]
[SourceVersion "1"]
[SourceVersionDate "2022.10.31"]
[SourceQuality "1"]
[WhiteTeam "Portugal (W)"]
[BlackTeam "Romania (W)"]
[WhiteTeamCountry "POR"]
[BlackTeamCountry "ROU"]

1. d4 d5 2. c4 e6 3. Nf3 Nf6 4. g3 dxc4 5. Bg2 Bb4+ 6. Bd2 Bd6 7. Qa4+ Nc6 8. Qxc4 e5 9. dxe5 Nxe5 10. Nxe5 Bxe5 11. Qb5+ Nd7 12. Bc3 0-0 13. 0-0 c6 14. Qd3 Bxc3 15. Nxc3 Nf6 16. Rfd1 Be6 17. b4 Qxd3 18. Rxd3 a5 19. b5 cxb5 20. Bxb7 Rab8 21. Bf3 Rfc8 22. e4 Nd7 23. Nd5 Ne5 24. Ne7+ Kf8 25. Nxc8 Nxd3 26. Na7 Ne5 27. Be2 Bc4 28. Bxc4 bxc4 29. f4 Nd3 30. Nc6 Rb2 31. Nxa5 c3 32. Nc4 Re2 33. Na3 c2 34. Nxc2 Rxc2 35. a4 Nc5 36. e5 Na6 37. Ra3 g6 38. h3 h5 39. Kf1 Ke8 40. Ke1 Rc4 41. Kd2 h4 42. Kd3 Rb4 43. g4 Rxf4 44. Ke3 Rb4 45. a5 Ke7 46. Rd3 Rb5 47. Kf4 Rxa5 48. Re3 Nc7 49. Kg5 Ke6 50. Kxh4 Rxe5 51. Rc3 Ne8 52. Ra3 Nd6 53. Rb3 Kf6 54. Rb6 Rd5 55. Ra6 Kg7 56. Rc6 Ne4 0-1

[Event "Olympiad Women-44"]
[Site "Chennai"]
[Date "2022.07.29"]
[Round "1.2"]
[White "Silva, Mariana Sofia Teixe"]
[Black "Nuha, Rilwan"]
[Result "1-0"]
[WhiteElo "1912"]
[BlackElo "1068"]
[PlyCount "49"]
[EventDate "2022.07.29"]
[EventType "team-swiss"]
[EventRounds "11"]
[EventCountry "IND"]
[SourceTitle "CBM 210"]
[Source "ChessBase"]
[SourceDate "2022.10.31"]
[SourceVersion "1"]
[SourceVersionDate "2022.10.31"]
[SourceQuality "1"]
[WhiteTeam "Portugal (W)"]
[BlackTeam "Maldives (W)"]
[WhiteTeamCountry "POR"]
[BlackTeamCountry "MDV"]

1. d4 Nf6 2. c4 e6 3. g3 d5 4. Bg2 c5 5. cxd5 Nxd5 6. Nf3 Nc6 7. 0-0 Be7 8. dxc5 Bxc5 9. Qc2 Be7 10. a3 0-0 11. Rd1 Qb6 12. e4 Nf6 13. Be3 Qc7 14. Nc3 a6 15. h3 b5 16. e5 Ne8 17. Ne4 Rb8 18. Neg5 Bxg5 19. Nxg5 g6 20. Qxc6 Qxc6 21. Bxc6 Bb7 22. Bxb7 Rxb7 23. Bc5 Nc7 24. Bxf8 Kxf8 25. Rd7 1-0

[Event "Titled Tuesday intern op 07th Jun Early"]
[Site "Chess.com INT"]
[Date "2022.06.07"]
[Round "1"]
[White "Aggelis, Nikolaos"]
[Black "Silva, Mariana Sofia Teixe"]
[Result "1-0"]
[WhiteElo "2281"]
[BlackElo "1912"]
[PlyCount "67"]
[EventDate "2022.06.07"]
[EventType "swiss (blitz)"]
[EventRounds "11"]
[EventCountry "USA"]
[SourceTitle "CBM 208 Extra"]
[Source "ChessBase"]
[SourceDate "2022.07.31"]
[SourceVersion "1"]
[SourceVersionDate "2022.07.31"]
[SourceQuality "1"]

1. d4 Nf6 2. g3 e6 3. Bg2 d5 4. Nf3 Be7 5. 0-0 0-0 6. c4 dxc4 7. Na3 Bd7 8. Nxc4 Bc6 9. b3 Nbd7 10. Bb2 Nb6 11. Nce5 Bd5 12. Rc1 Rc8 13. Nd3 Ne4 14. Nf4 Bf6 15. Nxd5 exd5 16. Ne5 Nd7 17. Nd3 c5 18. dxc5 Ndxc5 19. Bxf6 Qxf6 20. Nxc5 Nxc5 21. Qxd5 Rfd8 22. Qc4 b6 23. b4 Rd4 24. Qc3 h5 25. bxc5 Rxc5 26. Qf3 Qd6 27. Rxc5 Qxc5 28. e3 Rd2 29. a4 a6 30. Qa8+ Kh7 31. Qxa6 Qb4 32. Qb5 Qd6 33. Qxh5+ Kg8 34. a5 1-0

[Event "Titled Tuesday intern op 07th Jun Early"]
[Site "Chess.com INT"]
[Date "2022.06.07"]
[Round "2"]
[White "Silva, Mariana Sofia Teixe"]
[Black "D'Arruda, Ricardo D"]
[Result "1/2-1/2"]
[WhiteElo "1912"]
[BlackElo "2271"]
[PlyCount "125"]
[EventDate "2022.06.07"]
[EventType "swiss (blitz)"]
[EventRounds "11"]
[EventCountry "USA"]
[SourceTitle "CBM 208 Extra"]
[Source "ChessBase"]
[SourceDate "2022.07.31"]
[SourceVersion "1"]
[SourceVersionDate "2022.07.31"]
[SourceQuality "1"]

1. d4 Nf6 2. c4 e5 3. dxe5 Ne4 4. a3 Nc6 5. Nf3 d6 6. exd6 Bxd6 7. Qc2 Qe7 8. Nc3 Bf5 9. Qd1 Nxc3 10. bxc3 0-0-0 11. Nd4 Nxd4 12. cxd4 Be5 13. Bb2 c5 14. Qa4 Bxd4 15. Bxd4 Rxd4 16. e3 Rd7 17. Be2 Qg5 18. 0-0 Be4 19. g3 a6 20. Rad1 Rhd8 21. Rxd7 Rxd7 22. Rd1 Bc6 23. Qc2 Rxd1+ 24. Qxd1 Qf6 25. Bf1 Qe6 26. Bg2 Bxg2 27. Kxg2 f5 28. Qd3 Kc7 29. h4 g6 30. Qc3 Kc6 31. Qb3 Qe4+ 32. Kh2 Qf3 33. Qc2 Qe4 34. Qc3 b5 35. cxb5+ axb5 36. Qf6+ Kb7 37. Qg7+ Kb6 38. Qf6+ Ka5 39. Qd8+ Ka4 40. Qd6 Qc2 41. Qa6+ Kb3 42. Qxb5+ Kxa3 43. Qa5+ Kb2 44. Qb5+ Kc1 45. Qf1+ Kd2 46. Qb5 c4 47. Qd5+ Ke2 48. Kg2 Qd1 49. Qf3+ Kd2 50. Qd5+ Ke1 51. Qxc4 Qd6 52. Qf1+ Kd2 53. Qb5 Kc3 54. Qb7 h5 55. Qf3 Kd2 56. Qb7 Ke1 57. Qb1+ Kd2 58. Qb2+ Ke1 59. Qc3+ Ke2 60. Qc2+ Ke1 61. Qc3+ Ke2 62. Qc2+ Ke1 63. Qc3+ 1/2-1/2

[Event "Titled Tuesday intern op 07th Jun Early"]
[Site "Chess.com INT"]
[Date "2022.06.07"]
[Round "6"]
[White "Silva, Mariana Sofia Teixe"]
[Black "Matveeva, Olga"]
[Result "0-1"]
[WhiteElo "1912"]
[BlackElo "2168"]
[PlyCount "74"]
[EventDate "2022.06.07"]
[EventType "swiss (blitz)"]
[EventRounds "11"]
[EventCountry "USA"]
[SourceTitle "CBM 208 Extra"]
[Source "ChessBase"]
[SourceDate "2022.07.31"]
[SourceVersion "1"]
[SourceVersionDate "2022.07.31"]
[SourceQuality "1"]

1. d4 Nf6 2. c4 d6 3. Nf3 g6 4. g3 Bg7 5. Bg2 0-0 6. 0-0 Nc6 7. Nc3 a6 8. b3 Rb8 9. Bb2 b5 10. d5 Ne5 11. cxb5 Nxf3+ 12. Bxf3 axb5 13. Qd2 Bh3 14. Rfc1 Qd7 15. Nd1 Rfc8 16. Ne3 e6 17. dxe6 fxe6 18. Bc6 Qf7 19. Bc3 d5 20. a4 Ne4 21. Qe1 Nxc3 22. Rxc3 d4 23. Rd3 dxe3 24. Rad1 exf2+ 25. Qxf2 Qxf2+ 26. Kxf2 bxa4 27. bxa4 Bf5 28. Rd7 Be5 29. Re7 Bd6 30. Rd7 Rd8 31. Rxd8+ Rxd8 32. Kg2 Kf7 33. e4 Bg4 34. Rf1+ Ke7 35. h3 Be2 36. Rf2 Ba6 37. Re2 Bxe2 0-1

[Event "Titled Tuesday intern op 10th May Early"]
[Site "Chess.com INT"]
[Date "2022.05.10"]
[Round "1"]
[White "Omelja, Artem"]
[Black "Silva, Mariana Sofia Teixe"]
[Result "1-0"]
[WhiteElo "2515"]
[BlackElo "1912"]
[PlyCount "57"]
[EventDate "2022.05.10"]
[EventType "swiss (blitz)"]
[EventRounds "11"]
[EventCountry "USA"]
[SourceTitle "CBM 208 Extra"]
[Source "ChessBase"]
[SourceDate "2022.07.31"]
[SourceVersion "1"]
[SourceVersionDate "2022.07.31"]
[SourceQuality "1"]

1. d4 Nf6 2. c4 e6 3. Nf3 d5 4. Nc3 c5 5. cxd5 exd5 6. Bg5 c4 7. g3 Be7 8. Bg2 Be6 9. 0-0 0-0 10. Ne5 h6 11. Bxf6 Bxf6 12. e4 dxe4 13. Nxe4 Bxe5 14. dxe5 Nc6 15. Qxd8 Raxd8 16. f4 Bd5 17. Rfd1 Nb4 18. Nd6 Bxg2 19. Kxg2 b5 20. Nxb5 Nd3 21. Rab1 Rd7 22. Nd6 f6 23. Nxc4 Rfd8 24. e6 Nxf4+ 25. gxf4 Rxd1 26. e7 R1d2+ 27. Kf3 Re8 28. Nxd2 Rxe7 29. Rc1 1-0

[Event "Titled Tuesday intern op 10th May Early"]
[Site "Chess.com INT"]
[Date "2022.05.10"]
[Round "4"]
[White "Silva, Mariana Sofia Teixe"]
[Black "Lomaia, Diana"]
[Result "0-1"]
[WhiteElo "1912"]
[BlackElo "1846"]
[PlyCount "82"]
[EventDate "2022.05.10"]
[EventType "swiss (blitz)"]
[EventRounds "11"]
[EventCountry "USA"]
[SourceTitle "CBM 208 Extra"]
[Source "ChessBase"]
[SourceDate "2022.07.31"]
[SourceVersion "1"]
[SourceVersionDate "2022.07.31"]
[SourceQuality "1"]

1. d4 d5 2. c4 dxc4 3. e3 Nf6 4. Bxc4 e6 5. Nf3 c5 6. 0-0 a6 7. Be2 Nc6 8. dxc5 Qxd1 9. Rxd1 Bxc5 10. Nc3 0-0 11. b3 b5 12. Bb2 Bb7 13. Rac1 Bb6 14. Nb1 Rfd8 15. Nbd2 Nb4 16. a3 Nbd5 17. Nf1 Ne4 18. Nd4 Rac8 19. a4 Nec3 20. Bxc3 Nxc3 21. Rxc3 Rxc3 22. axb5 Bxd4 23. exd4 axb5 24. Bxb5 Rxb3 25. Bc4 Rb4 26. Ne3 Rb6 27. d5 Rbd6 28. h4 exd5 29. Ba2 g6 30. Rb1 Ba8 31. g3 d4 32. Ng4 Kg7 33. Ne5 Bd5 34. Bxd5 Rxd5 35. Nd3 Rc8 36. Rb7 Rc3 37. Nf4 Rd6 38. Kf1 d3 39. Ke1 d2+ 40. Kd1 Rc1+ 41. Ke2 d1Q+ 0-1

[Event "Titled Tuesday intern op 10th May Early"]
[Site "Chess.com INT"]
[Date "2022.05.10"]
[Round "7"]
[White "Silva, Mariana Sofia Teixe"]
[Black "Petrova, Irina"]
[Result "0-1"]
[WhiteElo "1912"]
[BlackElo "2127"]
[PlyCount "40"]
[EventDate "2022.05.10"]
[EventType "swiss (blitz)"]
[EventRounds "11"]
[EventCountry "USA"]
[SourceTitle "CBM 208 Extra"]
[Source "ChessBase"]
[SourceDate "2022.07.31"]
[SourceVersion "1"]
[SourceVersionDate "2022.07.31"]
[SourceQuality "1"]

1. d4 d6 2. c4 e5 3. dxe5 dxe5 4. Qxd8+ Kxd8 5. Nc3 c6 6. g3 Be6 7. b3 Nd7 8. Bg2 f6 9. Be3 Ne7 10. 0-0-0 Kc7 11. Nf3 Nc8 12. Kb2 Ncb6 13. Nd2 a5 14. Nde4 Be7 15. Rd2 a4 16. Rhd1 axb3 17. axb3 Ba3+ 18. Kc2 Bb4 19. h3 Ra3 20. Nb1 Ra2+ 0-1

[Event "Titled Tuesday intern op 10th May Early"]
[Site "Chess.com INT"]
[Date "2022.05.10"]
[Round "2"]
[White "Silva, Mariana Sofia Teixe"]
[Black "Toncheva, Nadya"]
[Result "0-1"]
[WhiteElo "1912"]
[BlackElo "2228"]
[PlyCount "58"]
[EventDate "2022.05.10"]
[EventType "swiss (blitz)"]
[EventRounds "11"]
[EventCountry "USA"]
[SourceTitle "CBM 208 Extra"]
[Source "ChessBase"]
[SourceDate "2022.07.31"]
[SourceVersion "1"]
[SourceVersionDate "2022.07.31"]
[SourceQuality "1"]

1. d4 d5 2. c4 dxc4 3. e3 Nf6 4. Bxc4 e6 5. Nf3 a6 6. 0-0 b5 7. Be2 Bb7 8. Nc3 Nbd7 9. b3 c5 10. dxc5 Bxc5 11. Bb2 0-0 12. Rc1 Qb6 13. Qc2 Rac8 14. Qb1 Rfd8 15. Rfd1 Bxe3 16. fxe3 Qxe3+ 17. Kh1 Ng4 18. Rf1 b4 19. Nd1 Qxe2 20. Re1 Qb5 21. Rxc8 Rxc8 22. Ne3 Nxe3 23. Rxe3 Qc5 24. Qe1 Nf8 25. h3 Ng6 26. Nd4 Qh5 27. Qg3 Qd1+ 28. Kh2 Qd2 29. Ba1 Qxa2 0-1